000 00742 a2200217 4500
010 _a 2009417740
020 _a9788126516575
020 _a9788126516575
035 _a(OCoLC)ocn244652589
040 _aDLC
082 0 4 _a621.395
245 1 0 _aCMOS : mixed signal circuit design
_bmixed signal circuit design
_cR. Jacob Baker.
260 _aNew Delhi
_bJohn Wiley & Sons, Inc
_aNew Delhi
_bWiley
_c2008
300 _axvii, 501 p. :
_bill. ;
_c24 cm.
490 0 _aIEEE Press series on microelectronic systems
500 _aPrevious ed.: New York: Wiley, 2002.
650 0 _aMetal oxide semiconductors, Complementary.
650 0 _aMixed signal circuits
_xDesign.
650 0 _aElectronic circuit design.
942 _cBK
_k621.395 BAK
_2ddc
999 _c11058
_d11058